Loading...

Hymns of the tamil Saivite saints

Bibliographic Details
Main Author: Kingsbury F
Other Authors: Phillips G E
Format: Printed Book
Published: New Delhi Asian Educational Services 1993
Subjects:
LEADER 00705nam a22002171a 4500
020 |a 9788120602854  |c 0.00 
040 |a SSUS - Library - Kalady 
082 |a 294.551 3  |b KIN/H 
100 |a Kingsbury F 
245 |a Hymns of the tamil Saivite saints  |h [Text] 
260 |a New Delhi  |b Asian Educational Services  |c 1993 
300 |a 132p. 
600 |a Saivism Hymns 
600 |a Hinduism 
600 |a Religion 
600 |a Saivism 
700 |a Phillips G E 
852 |h 294.551 3  |i KIN/H  |p 023303  |9 165.00  |t 0 
942 |c BK 
999 |c 18892  |d 18892 
952 |0 0  |1 0  |4 0  |6 294_551000000000000_3_KIN_H  |7 0  |9 26648  |a SSUS  |b SSUS  |d 2015-01-08  |g 165.00  |l 2  |o 294.551 3 KIN/H  |p 023303  |r 2019-03-12  |s 2019-02-19  |v 0.00  |w 2015-01-08  |y BK